<?xml version="1.0" encoding="UTF-8"?>
<record
    xmlns:xsi="http://www.w3.org/2001/XMLSchema-instance"
    xsi:schemaLocation="http://www.loc.gov/MARC21/slim http://www.loc.gov/standards/marcxml/schema/MARC21slim.xsd"
    xmlns="http://www.loc.gov/MARC21/slim">

  <leader>01514nam a22002417a 4500</leader>
  <datafield tag="999" ind1=" " ind2=" ">
    <subfield code="c">1171</subfield>
    <subfield code="d">1171</subfield>
  </datafield>
  <controlfield tag="003">OSt</controlfield>
  <controlfield tag="005">20190725213349.0</controlfield>
  <controlfield tag="008">170313b        xxu||||| |||| 00| 0 esp d</controlfield>
  <datafield tag="040" ind1=" " ind2=" ">
    <subfield code="c">RCAA</subfield>
    <subfield code="a">DO-SdBJH</subfield>
    <subfield code="b">spa</subfield>
  </datafield>
  <datafield tag="090" ind1=" " ind2=" ">
    <subfield code="a">TG EGCEMA</subfield>
    <subfield code="b">00836 2014</subfield>
  </datafield>
  <datafield tag="100" ind1="1" ind2=" ">
    <subfield code="a">De los Santos P&#xE9;rez, Ram&#xF3;n D. </subfield>
    <subfield code="e">sustentante</subfield>
  </datafield>
  <datafield tag="245" ind1="1" ind2="0">
    <subfield code="a">Incidencia de la Sentencia del Tribunal Constitucional No. TC/168/13 del 23 de septiembre del 2013 en la Seguridad y Defensa Nacional de la Rep&#xFA;blica Dominicana / </subfield>
    <subfield code="c">Ram&#xF3;n D. De los Santos P&#xE9;rez,  Luis Adalberto D&#xED;az Guzm&#xE1;n, asesores  C&#xE9;sar A. Figueroa Amparo, Tebi Enriquez  Rodr&#xED;guez Hern&#xE1;ndez               </subfield>
  </datafield>
  <datafield tag="260" ind1=" " ind2=" ">
    <subfield code="a">Santo Domingo Este :</subfield>
    <subfield code="b">INSUDE, </subfield>
    <subfield code="c">2014</subfield>
  </datafield>
  <datafield tag="300" ind1=" " ind2=" ">
    <subfield code="a">xv, 73 p&#xE1;ginas</subfield>
  </datafield>
  <datafield tag="502" ind1=" " ind2=" ">
    <subfield code="a">Tesis (Especialidad en  Comando y Estado Mayor A&#xE9;reo)  Instituto Superior para la Defensa (INSUDE).  Escuela de Graduados de Comando y  Estado Mayor A&#xE9;reo, 2014.</subfield>
  </datafield>
  <datafield tag="504" ind1=" " ind2=" ">
    <subfield code="a">Incluye referencias bibliogr&#xE1;ficas e &#xED;ndices</subfield>
  </datafield>
  <datafield tag="505" ind1=" " ind2=" ">
    <subfield code="a">Evoluci&#xF3;n del proceso y control Migratorio en Rep&#xFA;blica Dominicana, Tribunal Constitucional rol y dictamen de la Sentencia No. TC/168/13, la Seguridad y Defensa de la Naci&#xF3;n, a la luz de la Sentencia del Tribunal Constitucional No. TC/0168/2013.
</subfield>
  </datafield>
  <datafield tag="700" ind1="1" ind2=" ">
    <subfield code="a">D&#xED;az Guzm&#xE1;n, Luis Adalberto</subfield>
    <subfield code="e">sustentante</subfield>
  </datafield>
  <datafield tag="700" ind1="1" ind2=" ">
    <subfield code="a">Figueroa Amparo, C&#xE9;sar A.</subfield>
    <subfield code="e">asesor</subfield>
  </datafield>
  <datafield tag="700" ind1="1" ind2=" ">
    <subfield code="a">Rodr&#xED;guez Hern&#xE1;ndez, Tebi Enriquez</subfield>
    <subfield code="e">asesor</subfield>
  </datafield>
  <datafield tag="830" ind1=" " ind2=" ">
    <subfield code="a">INSUDE.  Escuela de Graduados de Comando y  Estado Mayor A&#xE9;reo.  Tesis y disertaciones.</subfield>
  </datafield>
  <datafield tag="942" ind1=" " ind2=" ">
    <subfield code="2">CL</subfield>
    <subfield code="c">T</subfield>
  </datafield>
  <datafield tag="952" ind1=" " ind2=" ">
    <subfield code="0">0</subfield>
    <subfield code="1">0</subfield>
    <subfield code="2">CL</subfield>
    <subfield code="4">0</subfield>
    <subfield code="7">1</subfield>
    <subfield code="8">TG</subfield>
    <subfield code="a">BJHA</subfield>
    <subfield code="b">BJHA</subfield>
    <subfield code="d">2017-03-13</subfield>
    <subfield code="i">14-00836</subfield>
    <subfield code="l">0</subfield>
    <subfield code="o">TG EGCEMA 00836 2014</subfield>
    <subfield code="p">14-00836</subfield>
    <subfield code="r">2018-10-06 00:00:00</subfield>
    <subfield code="t">e.1</subfield>
    <subfield code="w">2017-03-13</subfield>
    <subfield code="y">T</subfield>
  </datafield>
</record>
